000 00582nmm a2200193Ia 4500
008 251105s9999||||xx |||||||||||||||||und||
020 _a9789681660628
041 _aspa
100 _aMontes, Graciela
245 0 _aEmita y Emota en... ¿Ahora quién me aúpa?
264 _a[México D.C., Mexico] :
_bFondo de Cultura Económica,
_c1999
300 _a40 páginas
490 _aA la Orilla del Viento
650 _aAges 6-8 Years Old
700 _aMontes, Graciela
700 1 _a Legnazzi, Claudia
856 _uhttps://public.digitaliapublishing.com/a/64402
942 _cCF
999 _c68991
_d68991